000 00897nmm a2200265 a 4500
001 ocm000605005
003 TR-IsHL
005 20201028125651.0
008 110704s2012 tu tur
007 cr cn
020 _a9786055765873
035 _a605005
_b(N$T)
050 0 4 _aPL248.Y39
_bB37 2012
090 0 4 _aPL248.Y39
_bB37 2012
100 1 _aYayla, Yeşim Esin
245 1 0 _aBaşka sabahlara uyanmak: şehir hayatında çabalamaktan yorulanlara çapalama sanatı
_h[electronic resource] /
_cYeşim Esin Yayla
260 _aİstanbul :
_bPupa Yayınları,
_c2012
300 _a152 p.
650 4 _aDil ve Edebiyat
650 4 _aLanguage and Literature
650 0 _aTürk romanı
650 0 _aTurkish fiction
650 7 _aLITERARY COLLECTIONS / Middle Eastern
_2bisacsh
856 4 0 _uhttp://search.ebscohost.com/login.aspx?direct=true&scope=site&db=e011xww&AN=605005
999 _c3602
_d3602